00729nam a2200205 i 450000100060000000300090000600500170001500700030003200800410003510000430007624500770011926000410019630000220023749000270025970000320028683000350031885200320035399900170038595201210040239975ES-MaACL20250805063238.0t|030304s1957 sp ||||1| spa d1 aCarr, John Dickson, d1906-197793546813aEl que susurra / cJohn Dickson Carr ; traducción de Clara de la Rosa. aBarcelona : bE.D.H.A.S.A., c[1957] a255 p. ; c18 cm.1 aEl séptimo círculo1 aRosa , Clara de la.91818330 aEl séptimo círculo9181830 aES-MaACLjC-13936 bR.41522 c39975d39975 00104070aATENEOMbATENEOMcSPALd2008-01-17eSCl0oC-13936p1042092r2023-02-23 00:00:00w2023-02-23yMONOGRAFIA